[Event "Team Championship Russia (Blitz, Men)"]
[Site "Sochi"]
[Date "2018.10.10"]
[Round "5.30"]
[White "Dilmukhametov, Artur"]
[Black "Nazaretyan, Tigran"]
[Result "1-0"]
[BlackElo "2307"]
[WhiteElo "2375"]
[LiveChessVersion "1.4.8"]

1. d4 {[%clk 0:03:02]} Nf6 {[%clk 0:03:02]} 2. Nc3 {[%clk 0:03:03]} c5
{[%clk 0:02:52]} 3. d5 {[%clk 0:03:03]} e5 {[%clk 0:02:54]} 4. e4
{[%clk 0:03:02]} d6 {[%clk 0:02:54]} 5. f4 {[%clk 0:03:02]} exf4 {[%clk 0:02:48]}
6. Bxf4 {[%clk 0:03:02]} Be7 {[%clk 0:02:46]} 7. Nf3 {[%clk 0:02:58]} a6
{[%clk 0:02:44]} 8. a4 {[%clk 0:02:59]} O-O {[%clk 0:02:37]} 9. Be2
{[%clk 0:03:00]} Bg4 {[%clk 0:02:36]} 10. Nd2 {[%clk 0:03:01]} Bxe2
{[%clk 0:02:24]} 11. Qxe2 {[%clk 0:03:01]} Nbd7 {[%clk 0:02:22]} 12. Nc4
{[%clk 0:02:54]} Ne8 {[%clk 0:02:22]} 13. a5 {[%clk 0:02:49]} Bg5
{[%clk 0:02:23]} 14. O-O {[%clk 0:02:48]} Bxf4 {[%clk 0:02:19]} 15. Rxf4
{[%clk 0:02:49]} Ne5 {[%clk 0:02:12]} 16. Nb6 {[%clk 0:02:38]} Rb8
{[%clk 0:02:08]} 17. Raf1 {[%clk 0:02:33]} Nc7 {[%clk 0:01:54]} 18. Nd1
{[%clk 0:02:31]} Nb5 {[%clk 0:01:55]} 19. c3 {[%clk 0:02:31]} c4 {[%clk 0:01:53]}
20. Ne3 {[%clk 0:02:29]} g6 {[%clk 0:01:44]} 21. Nexc4 {[%clk 0:02:28]} Nxc4
{[%clk 0:01:41]} 22. Qxc4 {[%clk 0:02:26]} Qe7 {[%clk 0:01:42]} 23. Qd3
{[%clk 0:02:19]} Rbd8 {[%clk 0:01:38]} 24. Nc4 {[%clk 0:02:14]} Rde8
{[%clk 0:01:34]} 25. h3 {[%clk 0:02:04]} f6 {[%clk 0:01:35]} 26. Nd2
{[%clk 0:01:47]} Kg7 {[%clk 0:01:34]} 27. c4 {[%clk 0:01:47]} Nc7
{[%clk 0:01:28]} 28. Nb3 {[%clk 0:01:46]} Qe5 {[%clk 0:01:27]} 29. Nd4
{[%clk 0:01:45]} Rf7 {[%clk 0:01:20]} 30. b4 {[%clk 0:01:42]} Rc8
{[%clk 0:01:19]} 31. g3 {[%clk 0:01:38]} Re8 {[%clk 0:01:15]} 32. Kg2
{[%clk 0:01:38]} g5 {[%clk 0:01:13]} 33. Nf5+ {[%clk 0:01:39]} Kg6
{[%clk 0:01:10]} 34. R4f2 {[%clk 0:01:35]} Qxe4+ {[%clk 0:01:12]} 35. Qxe4
{[%clk 0:01:35]} Rxe4 {[%clk 0:01:13]} 36. Nxd6 {[%clk 0:01:36]} Ree7
{[%clk 0:00:54]} 37. Nxf7 {[%clk 0:01:36]} Rxf7 {[%clk 0:00:55]} 38. d6
{[%clk 0:01:35]} Ne6 {[%clk 0:00:56]} 39. Re1 {[%clk 0:01:36]} Nf8
{[%clk 0:00:56]} 40. Re7 {[%clk 0:01:35]} Nd7 {[%clk 0:00:51]} 41. Rfe2
{[%clk 0:01:34]} Ne5 {[%clk 0:00:50]} 42. Rd2 {[%clk 0:01:05]} Rxe7
{[%clk 0:00:50]} 43. dxe7 {[%clk 0:01:06]} Kf7 {[%clk 0:00:51]} 44. Rd8
{[%clk 0:01:03]} Kxe7 {[%clk 0:00:52]} 45. Rb8 {[%clk 0:01:04]} Nxc4
{[%clk 0:00:52]} 46. Rxb7+ {[%clk 0:01:05]} Kd6 {[%clk 0:00:50]} 47. Ra7
{[%clk 0:01:06]} Kc6 {[%clk 0:00:48]} 48. Rxa6+ {[%clk 0:01:07]} Kb5
{[%clk 0:00:49]} 49. Rxf6 {[%clk 0:01:08]} Kxb4 {[%clk 0:00:50]} 50. a6
{[%clk 0:01:09]} Ne3+ {[%clk 0:00:49]} 51. Kf3 {[%clk 0:01:10]} Nd5
{[%clk 0:00:50]} 52. a7 {[%clk 0:01:06]} Nxf6 {[%clk 0:00:51]} 53. a8=Q
{[%clk 0:01:04]} Kb5 {[%clk 0:00:31]} 54. Qb8+ {[%clk 0:00:58]} Kc6
{[%clk 0:00:29]} 55. Qe5 {[%clk 0:00:53]} Nd7 {[%clk 0:00:25]} 56. Qxg5
{[%clk 0:00:53]} Kd6 {[%clk 0:00:27]} 57. Qh6+ {[%clk 0:00:54]} Kd5
{[%clk 0:00:26]} 58. Qxh7 {[%clk 0:00:55]} Ne5+ {[%clk 0:00:28]} 59. Kf4
{[%clk 0:00:54]} Nd3+ {[%clk 0:00:29]} 60. Qxd3+ 1-0

[Event "Team Championship Russia (Blitz, Men)"]
[Site "Sochi"]
[Date "2018.10.10"]
[Round "5.31"]
[White "Tenikashvili, Georgij"]
[Black "Inozemtsev, Sergei"]
[Result "1/2-1/2"]
[BlackElo "2312"]
[WhiteElo "2114"]
[LiveChessVersion "1.4.8"]

1. d4 {[%clk 0:03:02]} e6 {[%clk 0:03:02]} 2. c4 {[%clk 0:03:03]} Nf6
{[%clk 0:03:03]} 3. Nf3 {[%clk 0:03:03]} b6 {[%clk 0:03:04]} 4. a3
{[%clk 0:03:04]} Bb7 {[%clk 0:02:57]} 5. Nc3 {[%clk 0:03:05]} Be7
{[%clk 0:02:56]} 6. Bg5 {[%clk 0:03:05]} O-O {[%clk 0:02:53]} 7. Qc2
{[%clk 0:03:05]} d6 {[%clk 0:02:51]} 8. e3 {[%clk 0:03:03]} Nbd7 {[%clk 0:02:51]}
9. Be2 {[%clk 0:03:03]} Re8 {[%clk 0:02:51]} 10. O-O {[%clk 0:03:03]} Nf8
{[%clk 0:02:49]} 11. Rfd1 {[%clk 0:02:40]} Ng6 {[%clk 0:02:50]} 12. Rac1
{[%clk 0:02:26]} h6 {[%clk 0:02:44]} 13. Bxf6 {[%clk 0:02:27]} Bxf6
{[%clk 0:02:45]} 14. Nd2 {[%clk 0:02:25]} e5 {[%clk 0:02:33]} 15. dxe5
{[%clk 0:02:26]} Bxe5 {[%clk 0:02:32]} 16. Bf3 {[%clk 0:02:18]} c6
{[%clk 0:02:15]} 17. Nde4 {[%clk 0:02:04]} Qc7 {[%clk 0:02:13]} 18. Ng3
{[%clk 0:02:02]} Rad8 {[%clk 0:02:10]} 19. Rd2 {[%clk 0:02:03]} Nh4
{[%clk 0:02:06]} 20. Be2 {[%clk 0:01:44]} Bc8 {[%clk 0:01:43]} 21. Rcd1
{[%clk 0:01:42]} Qe7 {[%clk 0:01:35]} 22. Nce4 {[%clk 0:01:28]} f5
{[%clk 0:01:23]} 23. Nc3 {[%clk 0:01:23]} f4 {[%clk 0:01:20]} 24. exf4
{[%clk 0:01:13]} Bxf4 {[%clk 0:01:21]} 25. Rd4 {[%clk 0:01:13]} Be5
{[%clk 0:01:22]} 26. R4d3 {[%clk 0:00:38]} Rf8 {[%clk 0:01:06]} 27. Re3
{[%clk 0:00:36]} Qf7 {[%clk 0:01:02]} 28. Bd3 {[%clk 0:00:12]} Bg4
{[%clk 0:00:50]} 29. Rf1 {[%clk 0:00:14]} Bf4 {[%clk 0:00:18]} 30. Re4
{[%clk 0:00:13]} d5 {[%clk 0:00:16]} 31. cxd5 {[%clk 0:00:14]} cxd5
{[%clk 0:00:18]} 32. Rd4 {[%clk 0:00:13]} Kh8 {[%clk 0:00:13]} 33. Qb3
{[%clk 0:00:10]} Be6 {[%clk 0:00:09]} 34. Qa4 {[%clk 0:00:10]} Bxg3
{[%clk 0:00:05]} 35. hxg3 {[%clk 0:00:10]} Nf5 {[%clk 0:00:06]} 36. Bxf5
{[%clk 0:00:11]} Qxf5 {[%clk 0:00:07]} 37. Rf4 {[%clk 0:00:12]} Qe5
{[%clk 0:00:08]} 38. Rxf8+ Rxf8 39. Nb5 {[%clk 0:00:08]} Bd7 {[%clk 0:00:10]} 40.
Qb4 {[%clk 0:00:08]} Re8 {[%clk 0:00:09]} 41. Nd4 {[%clk 0:00:08]} a5
{[%clk 0:00:08]} 42. Qd2 {[%clk 0:00:07]} Qe4 {[%clk 0:00:07]} 43. Nf3
{[%clk 0:00:07]} Bg4 {[%clk 0:00:07]} 44. Re1 {[%clk 0:00:08]} Qg6
{[%clk 0:00:08]} 45. Rxe8+ {[%clk 0:00:08]} Qxe8 {[%clk 0:00:09]} 46. Qxd5
{[%clk 0:00:09]} Bxf3 {[%clk 0:00:10]} 47. gxf3 {[%clk 0:00:09]} Qe1+
{[%clk 0:00:09]} 48. Kg2 {[%clk 0:00:11]} Qe2 {[%clk 0:00:10]} 49. Qd8+
{[%clk 0:00:10]} Kh7 {[%clk 0:00:11]} 50. Qxb6 {[%clk 0:00:11]} a4
{[%clk 0:00:12]} 51. Qb4 {[%clk 0:00:10]} Qd1 {[%clk 0:00:12]} 52. Qe4+
{[%clk 0:00:07]} Kg8 {[%clk 0:00:13]} 53. f4 {[%clk 0:00:08]} Kh8
{[%clk 0:00:12]} 54. f5 {[%clk 0:00:09]} Kg8 {[%clk 0:00:13]} 55. g4
{[%clk 0:00:07]} Qd2 {[%clk 0:00:13]} 56. Qb4 {[%clk 0:00:05]} Qd5+
{[%clk 0:00:13]} 57. Kg3 {[%clk 0:00:06]} Qd3+ {[%clk 0:00:14]} 58. f3
{[%clk 0:00:04]} Qd1 {[%clk 0:00:15]} 59. Kf4 {[%clk 0:00:05]} Qc1+
{[%clk 0:00:16]} 60. Kg3 {[%clk 0:00:06]} Qg1+ {[%clk 0:00:17]} 61. Kf4
{[%clk 0:00:06]} Qc1+ {[%clk 0:00:17]} 62. Ke4 {[%clk 0:00:07]} Qc6+
{[%clk 0:00:18]} 63. Ke3 {[%clk 0:00:07]} Qc1+ {[%clk 0:00:18]} 64. Ke4
{[%clk 0:00:04]} Qc6+ {[%clk 0:00:18]} 65. Ke3 {[%clk 0:00:05]} Qc1+
{[%clk 0:00:19]} 66. Kf2 {[%clk 0:00:06]} Qc2+ {[%clk 0:00:19]} 67. Kg3
{[%clk 0:00:07]} Qd1 {[%clk 0:00:20]} 68. Qc4+ {[%clk 0:00:08]} Kh8
{[%clk 0:00:21]} 69. Qc3 {[%clk 0:00:06]} Kg8 {[%clk 0:00:19]} 70. f6
{[%clk 0:00:07]} Qd6+ {[%clk 0:00:20]} 71. Kf2 {[%clk 0:00:07]} gxf6
{[%clk 0:00:21]} 72. Qc8+ {[%clk 0:00:05]} Kg7 {[%clk 0:00:22]} 73. Qb7+
{[%clk 0:00:06]} Kg8 {[%clk 0:00:23]} 74. Qa8+ {[%clk 0:00:07]} Kg7
{[%clk 0:00:24]} 75. Qxa4 {[%clk 0:00:06]} Qd2+ {[%clk 0:00:26]} 76. Kg3
{[%clk 0:00:07]} Qxb2 {[%clk 0:00:27]} 77. Qa7+ {[%clk 0:00:07]} Kg8
{[%clk 0:00:28]} 78. Qa8+ {[%clk 0:00:07]} Kg7 {[%clk 0:00:29]} 79. a4
{[%clk 0:00:07]} Qe5+ {[%clk 0:00:30]} 80. Kg2 {[%clk 0:00:08]} Qe2+
{[%clk 0:00:31]} 81. Kg3 {[%clk 0:00:09]} Qe5+ {[%clk 0:00:32]} 82. f4
{[%clk 0:00:09]} Qe1+ {[%clk 0:00:32]} 83. Kg2 {[%clk 0:00:09]} Qe2+
{[%clk 0:00:33]} 84. Kg3 {[%clk 0:00:08]} Qe1+ {[%clk 0:00:34]} 85. Kg2
{[%clk 0:00:06]} Qe2+ {[%clk 0:00:35]} 1/2-1/2

[Event "Team Championship Russia (Blitz, Men)"]
[Site "Sochi"]
[Date "2018.10.10"]
[Round "5.32"]
[White "Pogromsky, Mikhail"]
[Black "Basiev, Valeriy P."]
[Result "1-0"]
[BlackElo "2022"]
[WhiteElo "2462"]
[LiveChessVersion "1.4.8"]

1. Nf3 {[%clk 0:03:03]} d6 {[%clk 0:03:03]} 2. d4 {[%clk 0:03:04]} Bg4
{[%clk 0:03:04]} 3. Qd3 {[%clk 0:03:05]} c6 {[%clk 0:03:01]} 4. g3
{[%clk 0:03:04]} Nf6 {[%clk 0:03:01]} 5. Bg2 {[%clk 0:03:06]} Nbd7
{[%clk 0:03:02]} 6. O-O {[%clk 0:03:06]} e6 {[%clk 0:02:58]} 7. c4
{[%clk 0:03:06]} Be7 {[%clk 0:02:59]} 8. Nc3 {[%clk 0:03:07]} O-O
{[%clk 0:03:00]} 9. b3 {[%clk 0:03:03]} a6 {[%clk 0:02:58]} 10. Bb2
{[%clk 0:03:03]} Rc8 {[%clk 0:02:59]} 11. e4 {[%clk 0:02:56]} e5 {[%clk 0:02:50]}
12. Rfe1 {[%clk 0:02:53]} b5 {[%clk 0:02:49]} 13. cxb5 {[%clk 0:02:46]} cxb5
{[%clk 0:02:45]} 14. dxe5 {[%clk 0:02:34]} dxe5 {[%clk 0:02:45]} 15. Nd5
{[%clk 0:02:35]} Nxd5 {[%clk 0:02:36]} 16. exd5 {[%clk 0:02:30]} Bxf3
{[%clk 0:02:19]} 17. Bxf3 {[%clk 0:02:26]} Bd6 {[%clk 0:02:20]} 18. Bg4
{[%clk 0:02:19]} Re8 {[%clk 0:01:50]} 19. Rac1 {[%clk 0:01:46]} Rxc1
{[%clk 0:01:08]} 20. Rxc1 {[%clk 0:01:48]} Nc5 {[%clk 0:01:06]} 21. Qe3
{[%clk 0:01:46]} Qe7 {[%clk 0:00:57]} 22. Re1 {[%clk 0:01:01]} g6
{[%clk 0:00:52]} 23. Bd1 {[%clk 0:00:52]} f5 {[%clk 0:00:51]} 24. b4
{[%clk 0:00:48]} Ne4 {[%clk 0:00:44]} 25. a3 {[%clk 0:00:48]} Bb8
{[%clk 0:00:38]} 26. Bb3 {[%clk 0:00:46]} Kf8 {[%clk 0:00:29]} 27. Kg2
{[%clk 0:00:34]} Ba7 {[%clk 0:00:30]} 28. Qh6+ {[%clk 0:00:31]} Qg7
{[%clk 0:00:26]} 29. Qxg7+ {[%clk 0:00:30]} Kxg7 {[%clk 0:00:27]} 30. f4
{[%clk 0:00:20]} Nd2 {[%clk 0:00:25]} 31. Bxe5+ {[%clk 0:00:15]} Kh6
{[%clk 0:00:27]} 32. Bg7+ {[%clk 0:00:14]} Kxg7 {[%clk 0:00:23]} 33. Rxe8
{[%clk 0:00:15]} Bd4 {[%clk 0:00:15]} 34. Bc2 {[%clk 0:00:15]} Nc4
{[%clk 0:00:16]} 35. Bd3 {[%clk 0:00:14]} Nd6 {[%clk 0:00:16]} 36. Re6
{[%clk 0:00:14]} Nf7 {[%clk 0:00:17]} 37. Rxa6 {[%clk 0:00:14]} Bb2
{[%clk 0:00:16]} 38. Bxb5 {[%clk 0:00:15]} h6 {[%clk 0:00:15]} 39. Be8
{[%clk 0:00:14]} Nd8 {[%clk 0:00:15]} 40. Ra8 {[%clk 0:00:14]} Nb7
{[%clk 0:00:16]} 41. Ra7 {[%clk 0:00:15]} Kf8 {[%clk 0:00:15]} 42. Rxb7 Kxe8
{[%clk 0:00:17]} 43. a4 {[%clk 0:00:18]} g5 44. a5 gxf4 {[%clk 0:00:18]} 45. gxf4
{[%clk 0:00:20]} Bc1 {[%clk 0:00:20]} 46. a6 {[%clk 0:00:22]} Bxf4
{[%clk 0:00:20]} 47. a7 1-0

[Event "Team Championship Russia (Blitz, Men)"]
[Site "Sochi"]
[Date "2018.10.10"]
[Round "5.33"]
[White "Klimentov, Evgeny"]
[Black "Rozhko, Dmitry"]
[Result "1-0"]
[BlackElo "2218"]
[WhiteElo "2186"]
[LiveChessVersion "1.4.8"]

1. e4 {[%clk 0:03:03]} e6 {[%clk 0:03:04]} 2. d4 {[%clk 0:03:04]} d5
{[%clk 0:03:05]} 3. Nd2 {[%clk 0:03:05]} dxe4 {[%clk 0:03:06]} 4. Nxe4
{[%clk 0:03:06]} Bd7 {[%clk 0:03:08]} 5. Nf3 {[%clk 0:03:07]} Bc6
{[%clk 0:03:09]} 6. Bd3 {[%clk 0:03:08]} Nd7 {[%clk 0:03:10]} 7. Ng3
{[%clk 0:03:07]} Ngf6 {[%clk 0:03:07]} 8. O-O {[%clk 0:03:07]} Be7
{[%clk 0:03:07]} 9. c3 {[%clk 0:03:06]} O-O {[%clk 0:03:04]} 10. Re1
{[%clk 0:03:06]} Bxf3 {[%clk 0:03:02]} 11. Qxf3 c6 12. Bc2 {[%clk 0:03:00]} Re8
{[%clk 0:03:04]} 13. Bg5 {[%clk 0:02:55]} Nf8 {[%clk 0:03:02]} 14. Rad1
{[%clk 0:02:50]} Nd5 {[%clk 0:02:59]} 15. Bc1 {[%clk 0:02:45]} Qa5
{[%clk 0:02:57]} 16. a3 {[%clk 0:02:39]} Rad8 {[%clk 0:02:52]} 17. Ne4
{[%clk 0:02:36]} Nf6 {[%clk 0:02:43]} 18. Ng5 {[%clk 0:02:25]} h6
{[%clk 0:02:31]} 19. Nh3 {[%clk 0:02:09]} Qh5 {[%clk 0:02:30]} 20. Qg3
{[%clk 0:01:42]} Qg4 {[%clk 0:02:25]} 21. Qe3 {[%clk 0:01:35]} Nd5
{[%clk 0:02:19]} 22. Qg3 {[%clk 0:01:25]} Qxg3 {[%clk 0:02:18]} 23. hxg3
{[%clk 0:01:25]} Rd7 {[%clk 0:02:12]} 24. Nf4 {[%clk 0:01:24]} Nxf4
{[%clk 0:02:10]} 25. Bxf4 {[%clk 0:01:15]} Red8 {[%clk 0:02:08]} 26. Kf1
{[%clk 0:01:11]} Bg5 {[%clk 0:01:52]} 27. Ke2 {[%clk 0:01:00]} Bxf4
{[%clk 0:01:51]} 28. gxf4 {[%clk 0:01:02]} Rd6 {[%clk 0:01:49]} 29. Kf3
{[%clk 0:00:57]} Nd7 {[%clk 0:01:50]} 30. g3 {[%clk 0:00:26]} Nf6
{[%clk 0:01:47]} 31. Rc1 {[%clk 0:00:18]} Nd5 {[%clk 0:01:36]} 32. Re5
{[%clk 0:00:16]} Nf6 {[%clk 0:01:28]} 33. Rce1 {[%clk 0:00:14]} Rd5
{[%clk 0:01:29]} 34. f5 {[%clk 0:00:11]} Rxe5 {[%clk 0:01:14]} 35. Rxe5
{[%clk 0:00:10]} exf5 {[%clk 0:01:07]} 36. Bxf5 {[%clk 0:00:10]} Kf8
{[%clk 0:01:08]} 37. Bc2 {[%clk 0:00:06]} Re8 {[%clk 0:01:05]} 38. Rxe8+
{[%clk 0:00:04]} Kxe8 {[%clk 0:00:58]} 39. Kf4 {[%clk 0:00:06]} Ke7
{[%clk 0:00:58]} 40. c4 {[%clk 0:00:05]} b6 {[%clk 0:00:55]} 41. Bf5
{[%clk 0:00:05]} c5 {[%clk 0:00:53]} 42. Ke3 {[%clk 0:00:05]} Kd6
{[%clk 0:00:52]} 43. b4 {[%clk 0:00:05]} Ng8 {[%clk 0:00:44]} 44. Bh3
{[%clk 0:00:03]} Ne7 {[%clk 0:00:43]} 45. Kd3 {[%clk 0:00:03]} Nc6
{[%clk 0:00:41]} 46. dxc5+ {[%clk 0:00:04]} bxc5 {[%clk 0:00:42]} 47. b5
{[%clk 0:00:05]} Ne5+ {[%clk 0:00:39]} 48. Kc3 {[%clk 0:00:06]} g5
{[%clk 0:00:36]} 49. a4 {[%clk 0:00:08]} Kc7 {[%clk 0:00:30]} 50. a5
{[%clk 0:00:09]} h5 {[%clk 0:00:24]} 51. Bf5 {[%clk 0:00:09]} h4 {[%clk 0:00:25]}
52. gxh4 {[%clk 0:00:10]} gxh4 {[%clk 0:00:26]} 53. Kb3 {[%clk 0:00:08]} Nf3
{[%clk 0:00:26]} 54. Kc3 {[%clk 0:00:08]} Ng5 {[%clk 0:00:25]} 55. f4
{[%clk 0:00:04]} Ne6 {[%clk 0:00:18]} 56. Be4 {[%clk 0:00:04]} Nxf4
{[%clk 0:00:17]} 57. Kd2 {[%clk 0:00:06]} h3 {[%clk 0:00:17]} 58. Ke2
{[%clk 0:00:07]} Ne6 {[%clk 0:00:16]} 59. Kf2 {[%clk 0:00:08]} Ng5
{[%clk 0:00:16]} 60. Bd5 {[%clk 0:00:09]} f6 {[%clk 0:00:16]} 61. Kg3
{[%clk 0:00:11]} f5 {[%clk 0:00:12]} 62. Kf4 {[%clk 0:00:11]} Ne4
{[%clk 0:00:12]} 63. Kf3 {[%clk 0:00:11]} Nc3 {[%clk 0:00:09]} 64. Bc6
{[%clk 0:00:12]} Na2 {[%clk 0:00:08]} 65. Kg3 {[%clk 0:00:13]} Nc1
{[%clk 0:00:09]} 66. Kxh3 Nb3 67. a6 {[%clk 0:00:09]} Nd2 {[%clk 0:00:11]} 68.
Bd5 {[%clk 0:00:10]} Kd6 {[%clk 0:00:12]} 69. b6 {[%clk 0:00:09]} Nxc4
{[%clk 0:00:08]} 70. Bxc4 {[%clk 0:00:06]} axb6 {[%clk 0:00:07]} 71. a7
{[%clk 0:00:07]} b5 {[%clk 0:00:09]} 72. a8=Q {[%clk 0:00:07]} 1-0

[Event "Team Championship Russia (Blitz, Men)"]
[Site "Sochi"]
[Date "2018.10.10"]
[Round "5.35"]
[White "Rudakov, Sergey S."]
[Black "Kozak, Alexander"]
[Result "1/2-1/2"]
[BlackElo "2431"]
[WhiteElo "1896"]
[LiveChessVersion "1.4.8"]

1. e4 {[%clk 0:03:02]} c6 {[%clk 0:03:04]} 2. d4 d5 3. Nd2 g6 4. e5
{[%clk 0:03:03]} Bg7 {[%clk 0:03:06]} 5. f4 {[%clk 0:03:03]} h5 {[%clk 0:03:08]}
6. Ngf3 {[%clk 0:03:04]} Bg4 {[%clk 0:02:58]} 7. h3 {[%clk 0:03:04]} Bxf3
{[%clk 0:02:57]} 8. Nxf3 {[%clk 0:03:04]} e6 {[%clk 0:02:57]} 9. Bd3
{[%clk 0:03:04]} h4 {[%clk 0:02:56]} 10. c3 {[%clk 0:03:02]} Bf8 {[%clk 0:02:55]}
11. Ng5 {[%clk 0:02:59]} Ne7 {[%clk 0:02:50]} 12. Be3 {[%clk 0:02:56]} Nf5
{[%clk 0:02:48]} 13. Bxf5 {[%clk 0:02:56]} gxf5 {[%clk 0:02:49]} 14. Qe2
{[%clk 0:02:54]} Be7 {[%clk 0:02:46]} 15. O-O-O {[%clk 0:02:50]} Nd7
{[%clk 0:02:47]} 16. Nf3 {[%clk 0:02:49]} b5 {[%clk 0:02:39]} 17. Rdg1
{[%clk 0:02:41]} Nf8 {[%clk 0:02:18]} 18. Kb1 {[%clk 0:02:39]} Ng6
{[%clk 0:02:17]} 19. g4 {[%clk 0:02:40]} hxg3 {[%clk 0:02:16]} 20. Rxg3
{[%clk 0:02:40]} Qb6 {[%clk 0:02:07]} 21. h4 {[%clk 0:02:37]} O-O-O
{[%clk 0:01:51]} 22. h5 {[%clk 0:02:37]} Rh6 {[%clk 0:01:44]} 23. Ng5
{[%clk 0:02:34]} Nh8 {[%clk 0:01:39]} 24. Bd2 {[%clk 0:02:32]} c5
{[%clk 0:01:36]} 25. Be3 {[%clk 0:02:28]} c4 {[%clk 0:01:37]} 26. a3
{[%clk 0:02:29]} a5 {[%clk 0:01:38]} 27. Bd2 {[%clk 0:02:30]} b4 {[%clk 0:01:39]}
28. cxb4 {[%clk 0:02:30]} axb4 {[%clk 0:01:41]} 29. axb4 {[%clk 0:02:30]} Bxb4
{[%clk 0:01:42]} 30. Bxb4 {[%clk 0:02:08]} Qxb4 {[%clk 0:01:43]} 31. Ra3
{[%clk 0:01:59]} Kb7 {[%clk 0:01:34]} 32. Qc2 {[%clk 0:01:46]} Ra8
{[%clk 0:01:25]} 33. Rxa8 {[%clk 0:01:46]} Kxa8 {[%clk 0:01:27]} 34. Qc3
{[%clk 0:01:42]} Qxc3 {[%clk 0:01:15]} 35. bxc3 Kb7 36. Kc2 Kc7 37. Kd2
{[%clk 0:01:32]} Kd7 {[%clk 0:01:21]} 38. Ke3 {[%clk 0:01:32]} Ke7
{[%clk 0:01:22]} 39. Rh3 {[%clk 0:01:18]} f6 {[%clk 0:01:17]} 40. Nf3
{[%clk 0:01:16]} Nf7 {[%clk 0:01:13]} 41. Nh4 {[%clk 0:01:12]} fxe5
{[%clk 0:01:06]} 42. Ng6+ {[%clk 0:01:11]} Kf6 {[%clk 0:01:04]} 43. dxe5+
{[%clk 0:01:08]} Kg7 {[%clk 0:01:05]} 44. Kd4 {[%clk 0:00:53]} Nh8
{[%clk 0:01:05]} 45. Ne7 {[%clk 0:00:40]} Kf7 {[%clk 0:01:06]} 46. Nc8
{[%clk 0:00:40]} Ke8 {[%clk 0:00:57]} 47. Nd6+ {[%clk 0:00:41]} Kf8
{[%clk 0:00:53]} 48. Rh1 {[%clk 0:00:28]} Ng6 {[%clk 0:00:53]} 49. Ra1
{[%clk 0:00:23]} Rxh5 {[%clk 0:00:44]} 50. Ra8+ {[%clk 0:00:24]} Kg7
{[%clk 0:00:45]} 51. Ra7+ {[%clk 0:00:25]} Kg8 {[%clk 0:00:47]} 52. Ra8+
{[%clk 0:00:26]} Kg7 {[%clk 0:00:45]} 53. Ra7+ {[%clk 0:00:27]} Kf8
{[%clk 0:00:44]} 54. Ra8+ {[%clk 0:00:28]} Kg7 {[%clk 0:00:41]} 55. Ne8+
{[%clk 0:00:27]} Kf7 {[%clk 0:00:40]} 56. Nf6 {[%clk 0:00:28]} Rh1
{[%clk 0:00:31]} 57. Ra7+ {[%clk 0:00:29]} Kf8 {[%clk 0:00:32]} 58. Ra8+
{[%clk 0:00:25]} Kg7 {[%clk 0:00:31]} 59. Ra7+ {[%clk 0:00:17]} Kf8
{[%clk 0:00:30]} 60. Ra8+ {[%clk 0:00:18]} Kg7 {[%clk 0:00:31]} 61. Ra7+
{[%clk 0:00:19]} Kf8 {[%clk 0:00:31]} 62. Ra8+ {[%clk 0:00:20]} Kf7
{[%clk 0:00:32]} 63. Ra7+ {[%clk 0:00:22]} Kf8 {[%clk 0:00:33]} 64. Ra8+
{[%clk 0:00:23]} Kf7 {[%clk 0:00:25]} 65. Ra7+ {[%clk 0:00:24]} Kf8
{[%clk 0:00:21]} 66. Ra8+ {[%clk 0:00:25]} Kf7 {[%clk 0:00:21]} 67. Ra7+
{[%clk 0:00:26]} Kf8 {[%clk 0:00:20]} 68. Nh7+ {[%clk 0:00:23]} Kg8
{[%clk 0:00:17]} 69. Nf6+ Kf8 70. Ra8+ Kf7 71. Ra7+ Kf8 72. Ra8+ {[%clk 0:00:25]}
Kf7 {[%clk 0:00:23]} 73. Ra7+ {[%clk 0:00:26]} 1/2-1/2

[Event "Team Championship Russia (Blitz, Men)"]
[Site "Sochi"]
[Date "2018.10.10"]
[Round "6.1"]
[White "Artemiev, Vladislav"]
[Black "Dubov, Daniil"]
[Result "1/2-1/2"]
[BlackElo "2706"]
[WhiteElo "2849"]
[LiveChessVersion "1.4.8"]

1. d4 {[%clk 0:03:02]} Nf6 {[%clk 0:03:02]} 2. Nf3 {[%clk 0:03:02]} c5
{[%clk 0:03:01]} 3. c3 {[%clk 0:02:58]} d5 {[%clk 0:03:00]} 4. e3
{[%clk 0:02:58]} Nbd7 {[%clk 0:03:02]} 5. Nbd2 {[%clk 0:02:56]} g6
{[%clk 0:03:03]} 6. Bd3 {[%clk 0:02:48]} Bg7 {[%clk 0:03:04]} 7. b4
{[%clk 0:02:39]} c4 {[%clk 0:02:57]} 8. Bc2 {[%clk 0:02:40]} O-O {[%clk 0:02:57]}
9. O-O {[%clk 0:02:40]} Qc7 {[%clk 0:02:59]} 10. e4 {[%clk 0:02:08]} e5
{[%clk 0:02:57]} 11. Re1 {[%clk 0:02:07]} exd4 {[%clk 0:02:25]} 12. Nxd4
{[%clk 0:02:08]} Ne5 {[%clk 0:02:22]} 13. h3 Nc6 {[%clk 0:02:00]} 14. N2f3
{[%clk 0:01:45]} Nxd4 {[%clk 0:01:44]} 15. Nxd4 {[%clk 0:01:45]} Nxe4
{[%clk 0:01:45]} 16. Bxe4 {[%clk 0:01:46]} dxe4 {[%clk 0:01:46]} 17. Rxe4 Bf5
{[%clk 0:01:45]} 18. Nxf5 {[%clk 0:01:45]} gxf5 19. Bf4 Qc6 {[%clk 0:01:43]} 20.
Re3 {[%clk 0:01:40]} Rad8 {[%clk 0:01:40]} 21. Qh5 {[%clk 0:01:33]} Rd3
{[%clk 0:01:10]} 22. Rc1 {[%clk 0:01:27]} Rxe3 {[%clk 0:01:02]} 23. Bxe3
{[%clk 0:01:28]} Qe4 24. Bxa7 Bxc3 {[%clk 0:00:53]} 25. Qf3 {[%clk 0:00:51]} Qxf3
{[%clk 0:00:38]} 26. gxf3 Bxb4 {[%clk 0:00:31]} 27. Rxc4 {[%clk 0:00:54]} Ra8
{[%clk 0:00:26]} 28. Bd4 {[%clk 0:00:51]} Bf8 {[%clk 0:00:19]} 29. a4
{[%clk 0:00:28]} Rd8 {[%clk 0:00:18]} 30. Be3 {[%clk 0:00:22]} Rd7 31. Bd4
{[%clk 0:00:22]} Rd5 {[%clk 0:00:15]} 32. Bb6 Rd7 33. Rc8 {[%clk 0:00:12]} Kg7
{[%clk 0:00:13]} 34. Kg2 {[%clk 0:00:13]} Be7 {[%clk 0:00:10]} 35. Ba5
{[%clk 0:00:10]} Kf6 {[%clk 0:00:08]} 36. Bc3+ {[%clk 0:00:09]} Ke6
{[%clk 0:00:09]} 37. Rh8 {[%clk 0:00:10]} Bf6 {[%clk 0:00:06]} 38. Bxf6
{[%clk 0:00:10]} Kxf6 {[%clk 0:00:07]} 39. Rxh7 {[%clk 0:00:12]} Rd4
{[%clk 0:00:06]} 40. Rh6+ {[%clk 0:00:13]} Kg7 41. Rb6 Rxa4 {[%clk 0:00:06]} 42.
Rxb7 {[%clk 0:00:15]} Kg6 {[%clk 0:00:05]} 43. Kg3 {[%clk 0:00:16]} Ra1
{[%clk 0:00:06]} 44. Rb6+ {[%clk 0:00:17]} Kg7 {[%clk 0:00:06]} 45. h4
{[%clk 0:00:14]} Rh1 {[%clk 0:00:06]} 46. Rc6 {[%clk 0:00:14]} Rg1+ 47. Kf4 Rg2
{[%clk 0:00:05]} 48. Kxf5 {[%clk 0:00:15]} Rxf2 {[%clk 0:00:06]} 49. Kg4
{[%clk 0:00:16]} Rg2+ {[%clk 0:00:07]} 50. Kf4 {[%clk 0:00:17]} Rh2
{[%clk 0:00:08]} 51. Kg3 {[%clk 0:00:19]} Rh1 {[%clk 0:00:09]} 52. Rc2
{[%clk 0:00:19]} Kh7 {[%clk 0:00:08]} 53. Rh2 {[%clk 0:00:20]} Rg1+ 54. Kf4 Kg6
{[%clk 0:00:06]} 55. Rh3 {[%clk 0:00:18]} Kf6 {[%clk 0:00:06]} 56. h5
{[%clk 0:00:18]} Rg8 {[%clk 0:00:05]} 57. h6 {[%clk 0:00:19]} Rh8
{[%clk 0:00:05]} 58. Rh2 {[%clk 0:00:06]} Kg6 {[%clk 0:00:06]} 59. Rg2+
{[%clk 0:00:04]} Kxh6 60. Kf5 Rc8 {[%clk 0:00:05]} 61. Kf6 {[%clk 0:00:06]} Rc6+
{[%clk 0:00:05]} 62. Kxf7 {[%clk 0:00:07]} Rc4 {[%clk 0:00:07]} 63. Rg3
{[%clk 0:00:07]} Kh5 {[%clk 0:00:07]} 64. Ke6 {[%clk 0:00:07]} Kh4
{[%clk 0:00:08]} 65. Rg6 {[%clk 0:00:06]} Rf4 {[%clk 0:00:08]} 66. Rf6
{[%clk 0:00:07]} Kg3 {[%clk 0:00:09]} 1/2-1/2